| 000 | 00622nam a2200181 i 4500 | ||
|---|---|---|---|
| 001 | 149907 | ||
| 003 | ES-MaACL | ||
| 005 | 20230906203315.0 | ||
| 007 | t| | ||
| 008 | 071025s1982 sp ||||1| spa d | ||
| 100 | 1 |
_aValladares Rascón, Etelvina. _9112733 |
|
| 245 | 1 | 0 |
_aNulidad, separación, divorcio _b: comentarios a la ley de reforma del matrimonio / _cEtelvina Valladares Rascón ; prólogo de Rodrigo Bercovitz. |
| 250 | _a[1ª ed.]. | ||
| 260 |
_a[Madrid] : _bCivitas, _c[1982] |
||
| 300 |
_a457 p. ; _c20 cm. |
||
| 700 | 1 |
_aBercovitz Rodríguez-Cano, Rodrigo. _927857 |
|
| 852 |
_aES-MaACL _jL-2058 _bR.102873 |
||
| 999 |
_c149907 _d149907 |
||